|
|
|
|
| LEADER |
00000naa2a2200000 4500 |
| 001 |
402186 |
| 005 |
20231101065700.0 |
| 035 |
|
|
|a (RuTPU)RU\TPU\prd\46984
|
| 090 |
|
|
|a 402186
|
| 100 |
|
|
|a 20061018a2006 k y0rusy50 ca
|
| 101 |
0 |
|
|a rus
|
| 102 |
|
|
|a RU
|
| 200 |
1 |
|
|a Неразрушающий контроль качества термообработки звеньев цепей методом магнитной структуроскопии
|f Л. И. Лумировская [и др.]
|
| 225 |
1 |
|
|a Неразрушающий контроль
|
| 320 |
|
|
|a Библиогр.: 6 назв.
|
| 461 |
|
0 |
|0 (RuTPU)RU\TPU\prd\1736
|x 0235-3474
|t Техническая диагностика и неразрушающий контроль
|o научно-технический и производственный журнал
|f Национальная академия наук Украины (НАНУ), Институт электросварки им. Е. О. Патона (ИЭС) ; Международная ассоциация "Сварка"
|d 1990-1993, 2001-
|
| 463 |
|
0 |
|0 (RuTPU)RU\TPU\prd\45902
|t № 2
|v С. 46-48
|d 2006
|
| 610 |
1 |
|
|a неразрушающий контроль
|
| 610 |
1 |
|
|a термообработка
|
| 610 |
1 |
|
|a магнитная структуроскопия
|
| 610 |
1 |
|
|a высокопрочные цепи
|
| 610 |
1 |
|
|a звенья
|
| 610 |
1 |
|
|a качество
|
| 610 |
1 |
|
|a тяговые цепи
|
| 610 |
1 |
|
|a аварии
|
| 610 |
1 |
|
|a надежность
|
| 610 |
1 |
|
|a скребковые конвейеры
|
| 610 |
1 |
|
|a угольные шахты
|
| 610 |
1 |
|
|a прутки
|
| 675 |
|
|
|a 621.129.16
|v 3
|
| 701 |
|
1 |
|a Лумировская
|b Л. И.
|
| 701 |
|
1 |
|a Соколинская
|b И. Г.
|
| 701 |
|
1 |
|a Мясищева
|b А. С.
|
| 701 |
|
1 |
|a Симочкина
|b О. Т.
|
| 801 |
|
1 |
|a RU
|b 63413507
|c 20061018
|g PSBO
|
| 801 |
|
2 |
|a RU
|b 63413507
|c 20140128
|g RCR
|
| 942 |
|
|
|c BK
|